| 000 | 00642nam a22001937a 4500 | ||
|---|---|---|---|
| 005 | 20170920142335.0 | ||
| 010 | _aENG-120467 | ||
| 020 |
_a9788123763552 _c110.00 |
||
| 035 | _aEN-103999 | ||
| 037 | _bDBAD/PUB | ||
| 082 | _a553.7995 | ||
| 100 | _aDas, Subhajyoti | ||
| 245 |
_aGroundwater resources of India : _cby Subhajyoti Das _bIndia-the land and the people / |
||
| 260 |
_aNew Delhi _bNational Book Trust _c2011 |
||
| 270 |
_aNehru Bhawan,5 Institutional Area, Phase-II,Vasant Kunj _bNew Delhi _e110070 |
||
| 300 |
_ax,248p.: _c23cm(pbk) _bill. |
||
| 500 | _aInclude references | ||
| 942 |
_2ddc _cEN _h553.79954 _mDAS |
||
| 999 |
_c145082 _d145082 |
||